000 00630cam a22002053a 4500
001 41501
003 PGUSA
005 20140828083932.0
008 121128s2012||||xxu|||||s|||||000 | eng d
040 _aPGUSA
_beng
042 _adc
100 1 _aAtkinson, William Walker,
_d1862-1932
245 1 0 _aHow to Read Human Nature :
_bIts Inner States and Outer Forms
_h[electronic resource] /
_cWilliam Walker Atkinson
260 _bProject Gutenberg,
_c2012
506 _aPublic domain in the USA.
516 _aElectronic text
830 0 _aProject Gutenberg
_v41501
856 4 0 _uhttp://www.gutenberg.org/ebooks/41501
942 _cEB
999 _c270753
_d270753